McGraw-Hill Concise encyclopedia of science and technology

Guardat en:
Dades bibliogràfiques
Autor principal: McGraw-Hill Concise encyclopedia of science and technology
Format: Llibre
Idioma:Undetermined
Publicat: New York McGraw-Hill 1998
Matèries:
Etiquetes: Afegir etiqueta
Sense etiquetes, Sigues el primer a etiquetar aquest registre!
Thư viện lưu trữ: Trung tâm Học liệu Trường Đại học Cần Thơ
LEADER 00642nam a2200169Ia 4500
001 CTU_48860
008 210402s9999 xx 000 0 und d
082 |a 503 
082 |b M147 
100 |a McGraw-Hill Concise encyclopedia of science and technology 
245 0 |a McGraw-Hill Concise encyclopedia of science and technology 
245 0 |c McGraw-Hill Concise encyclopedia of science and technology; Biên tập, hiệu đính: Sybil P. Parker 
260 |a New York 
260 |b McGraw-Hill 
260 |c 1998 
650 |a science - encyclopedias,technology - encyclopedias 
980 |a Trung tâm Học liệu Trường Đại học Cần Thơ